| 000 | 00875nam a22002657a 4500 | ||
|---|---|---|---|
| 999 |
_c3006 _d3006 |
||
| 003 | AR-CdUCM | ||
| 008 | 190305b ||||| |||| 00| 0 spa d | ||
| 020 | _a0-931050-43-X | ||
| 040 |
_aMUNICIPALIDAD PROVINCIAL DEL CUSCO _cBIBLIOTECA MUNICIPAL DEL CUSCO |
||
| 041 | _heng | ||
| 082 |
_a372 / _bB78 |
||
| 100 |
_aBoyer, Ernest L _910254 |
||
| 245 | _aUna Propuesta para la Educación Superior del Futuro / | ||
| 260 |
_aMexico : _bFondo Cultural Economico, _c1997. |
||
| 300 |
_a163 paginas ; _bGraficos, tablas, _c21cm. |
||
| 500 | _aUniversidad Autonoma Metropolitana Propuesta para la educación superior del futuro | ||
| 505 | _aContenido- Trabajo academico | ||
| 650 |
_aAcademico _910255 |
||
| 650 |
_aTextos educativos _910256 |
||
| 650 |
_aMexico _918 |
||
| 650 |
_aSiglo XX _98 |
||
| 700 |
_aFredín, Susana _910257 |
||
| 942 |
_2ddc _cLIBROS |
||
| 945 | _apjha | ||